Top 50 pays par consommation de drogue - Statistiques

Statistiques générales
  • Ce quiz a été pris 1 923 fois
  • Le résultat moyen est 20 sur 50
Statistiques - réponses
Classement Pays % Correct
45 France
98%
22 Espagne
85%
2 Russie
82%
41 Canada
79%
21 Brésil
78%
26 Etats-Unis
78%
13 Italie
73%
19 Portugal
68%
48 Inde
65%
42 Belgique
63%
30 Australie
61%
23 Suisse
59%
8 Royaume-Uni
51%
3 Ukraine
51%
46 Norvège
47%
25 Irlande
46%
49 Afrique du Sud
44%
29 Thailande
43%
37 Autriche
41%
35 Danemark
41%
7 Pakistan
40%
44 Biélorussie
38%
4 Iran
38%
31 Nouvelle-Zélande
37%
12 Estonie
36%
16 Croatie
35%
24 Lituanie
35%
33 Albanie
33%
32 Bulgarie
32%
10 Lettonie
32%
9 Luxembourg
31%
1 Afghanistan
29%
36 Slovénie
29%
47 République Tchèque
28%
17 Laos
22%
18 Nigéria
22%
38 Malte
19%
28 Ouzbékistan
19%
11 Kazakhstan
17%
5 Malaisie
17%
43 Népal
17%
50 Turkménistan
17%
20 Géorgie
16%
34 Macédoine
16%
14 Birmanie
15%
27 Tadjikistan
15%
15 Kirghizistan
10%
40 Salvador
10%
39 Zambie
3%
6 Ile Maurice
2%
Aucun quiz correspondant
Distribution des résultats
% des personnes avec chaque résultat
Percentile par nombre de réponses
Votre historique - résultats
Vous n’avez pas pris ce quiz